<?xml version="1.0" encoding="UTF-8"?><?xml-stylesheet type="text/xsl" href="static/style.xsl"?><OAI-PMH xmlns="http://www.openarchives.org/OAI/2.0/" xmlns:xsi="http://www.w3.org/2001/XMLSchema-instance" xsi:schemaLocation="http://www.openarchives.org/OAI/2.0/ http://www.openarchives.org/OAI/2.0/OAI-PMH.xsd"><responseDate>2026-04-26T22:05:06Z</responseDate><request verb="GetRecord" identifier="oai:uvadoc.uva.es:10324/40231" metadataPrefix="marc">https://uvadoc.uva.es/oai/request</request><GetRecord><record><header><identifier>oai:uvadoc.uva.es:10324/40231</identifier><datestamp>2025-02-20T12:12:01Z</datestamp><setSpec>com_10324_1190</setSpec><setSpec>com_10324_931</setSpec><setSpec>com_10324_894</setSpec><setSpec>col_10324_1352</setSpec></header><metadata><record xmlns="http://www.loc.gov/MARC21/slim" xmlns:doc="http://www.lyncode.com/xoai" xmlns:xsi="http://www.w3.org/2001/XMLSchema-instance" xmlns:dcterms="http://purl.org/dc/terms/" xsi:schemaLocation="http://www.loc.gov/MARC21/slim http://www.loc.gov/standards/marcxml/schema/MARC21slim.xsd">
<leader>00925njm 22002777a 4500</leader>
<datafield tag="042" ind1=" " ind2=" ">
<subfield code="a">dc</subfield>
</datafield>
<datafield tag="720" ind1=" " ind2=" ">
<subfield code="a">Jové Sandoval, José María</subfield>
<subfield code="e">author</subfield>
</datafield>
<datafield tag="720" ind1=" " ind2=" ">
<subfield code="a">Cebrian Renedo, Silvia</subfield>
<subfield code="e">author</subfield>
</datafield>
<datafield tag="260" ind1=" " ind2=" ">
<subfield code="c">2018</subfield>
</datafield>
<datafield tag="520" ind1=" " ind2=" ">
<subfield code="a">Trata de los edificios proyectados y construidos por Antonio Vallejo Acevedo y Santiago de la Fuente Viqueira para la factoría TAFISA en Valladolid entre 1963 y 1965. Ambos, formados en Madrid realizaron la ampliación de la fabrica vallisoletana: la nave de Tableros Especiales, la nave de Tableros Aislantes y el edificio de oficinas; todos ellos se encuentran incluidos en el Registro DOCOMOMO Ibérico con el máximo nivel: “A”.&#xd;
&#xd;
Estos tres edificios para TAFISA constituyen un magnífico ejemplo de arquitectura industrial, y de arquitectura con mayúsculas, y son la manifestación de las aspiraciones arquitectónicas de su época. Muchos arquitectos, como ellos, practicaron, investigaron y arriesgaron, contribuyendo con sus experiencias al desarrollo de la cultura arquitectónica. Arquitectos que han aportado un corpus de edificios construidos de categoría, no tanto como el de los primeros espadas con los que se edifica la historiografía, pero sí que es necesario reconocer que su esfuerzo ha contribuido a diseminar entre la sociedad los conceptos arquitectónicos de su tiempo, el que les ha tocado vivir, y el de sus anhelos.</subfield>
</datafield>
<datafield tag="024" ind2=" " ind1="8">
<subfield code="a">AA.VV. (Ed. a cargo de Villalobos Alonso, Daniel; Pérez Barreiro, Sara; Rincón Borrego, Iván y Alonso García, Eusebio): do.co,mo.mo_Valladolid. Registro DOCOMOMO Ibérico, 1925-1975. Industria, viviendas y equipamientos. Valladolid: Fundación DOCOMOMO Ibérico., 2018. 336 pp. ISBN 978-84-09-08137-0. pp. 27-41. Reedición: Ayuntamiento de Valladolid, 2019. ISBN 978-84-16678-52-5. pp. 27-41</subfield>
</datafield>
<datafield tag="024" ind2=" " ind1="8">
<subfield code="a">978-84-09-08137-0</subfield>
</datafield>
<datafield tag="024" ind2=" " ind1="8">
<subfield code="a">http://uvadoc.uva.es/handle/10324/40231</subfield>
</datafield>
<datafield tag="024" ind2=" " ind1="8">
<subfield code="a">27</subfield>
</datafield>
<datafield tag="024" ind2=" " ind1="8">
<subfield code="a">41</subfield>
</datafield>
<datafield tag="024" ind2=" " ind1="8">
<subfield code="a">do.co.mo.mo_Valladolid. Registro DOCOMOMO Ibérico, 1925-1975. Industria, vivienda y equipamientos</subfield>
</datafield>
<datafield tag="245" ind1="0" ind2="0">
<subfield code="a">Dos naves y un edificio de oficinas para la fabrica de tableros de fibras</subfield>
</datafield>
</record></metadata></record></GetRecord></OAI-PMH>